000 00343nam a2200121Ia 4500
005 20251222144912.0
008 251222s9999||||xx |||||||||||||| ||spa||
082 _a985.019.1/P78
100 _a"Porras Barrenechea, Raél"
245 0 _aUna relación inédita de la conquista: La crónica de Diego de Trujillo
250 _a2a.ed.
942 _cLIB
999 _c22386
_d22386